Liczby od 1-10 w różnych językach! #9 Afrikaans - Statystyki

Ogólne statystyki
  • Ten quiz został rozwiązany 5 razy
  • Średni wynik to 5 z 10
Statystyki odpowiedzi
# Liczba % Poprawnych
1 Een
100%
4 Vier
75%
8 Agt
50%
3 Drie
50%
9 Nege
50%
10 Tien
50%
2 Twee
50%
6 Ses
25%
5 Vyf
25%
7 Sewe
0%
Nie znaleziono quizów pasujących do podanych kryteriów
Rozkład punktacji
Procent ludzi z każdym wynikiem
Percentyl według liczby udzielonych odpowiedzi
Twoja historia wyników
Nie rozwiązałeś tego quizu